| 000 | 00442nam a2200181Ia 4500 | ||
|---|---|---|---|
| 005 | 20250423100515.0 | ||
| 008 | 250422s9999 xx 000 0 und d | ||
| 020 | _a9788181471017 | ||
| 050 | _aRM 301.13 .A58/ | ||
| 100 | _aAnthony, Patricia K. | ||
| 245 | 0 | _aPharmacology secrets | |
| 260 | _aPhiladelphia | ||
| 260 | _bHanley & Belfus | ||
| 260 | _c2003 | ||
| 300 | _a305 p | ||
| 650 | _a Examination Questions | ||
| 942 | _cBK | ||
| 999 |
_c33515 _d33515 |
||